• 首页
  • 本馆介绍
  • 公告通知
  • 最新文献
  • 馆藏检索
  • 电子资源
  • 读者导购
  • 参考咨询
  • 我的图书馆
  • 登录
  • 详细信息显示
  • 放入我的书架
  • 预约/预借图书
  • 作者相关作品
  • 分类相关作品
  • 丛书相关作品
  • 出版社相关作品

书目信息

  • 表格格式
  • 工作单格式
  • 卡片格式
题名:
蛙泳
    
 
作者: 薛继升 , 杨明 主编
分册:  
出版信息: 长春   吉林出版集团有限责任公司  2010
页数: 121页
开本: 21cm
丛书名: 全民健身项目指导用书
单 册:
中图分类: G861.13
科图分类:
主题词: 蛙泳--基本知识 , 蛙泳
电子资源:
ISBN: 978-7-5463-1494-5
000 00823oam2 2200277 45
001 1130246656
005 20110309094247.21
010    @a978-7-5463-1494-5@dCNY8.00
100    @a20110122d2010 em y0chiy0110 ea
101 0  @achi
102    @aCN@b220000
105    @aa z 000yy
106    @ar
200 1  @a蛙泳@AWa Yong@f薛继升,杨明主编@FXue Ji Sheng, Yang Ming Zhu Bian
210    @a长春@c吉林出版集团有限责任公司@d2010
215    @a121页@d21cm
225 2  @a全民健身项目指导用书
330    @a本书内容包括:概述、运动保健、基本技术、比赛规则。
461  0 @12001 @a全民健身项目指导用书
606 0  @a蛙泳@x基本知识
606 0  @a蛙泳
690    @aG861.13@v4
701  0 @a薛继升@AXue Ji Sheng@4主编
701  0 @a杨明@AYang Ming@4主编
801  0 @aCN@bTANGWEI@c20110309
905    @b0530927-31@dG861.13@e64@f5
    
    蛙泳/薛继升,杨明主编.-长春:吉林出版集团有限责任公司,2010
    121页;21cm.-(全民健身项目指导用书)
    
    
    ISBN 978-7-5463-1494-5:CNY8.00
    本书内容包括:概述、运动保健、基本技术、比赛规则。
●
相关链接 在E读中查询图书 在五车中查询图书 在当当中查询图书 在豆瓣中查询图书


正题名:蛙泳     索取号:G861.13/64         预约/预借

序号 登录号 条形码 馆藏地/架位号 状态 备注
1 0530927   205309272   第一样本阅览室/ [索取号:G861.13/64] 在馆    
2 0530928   205309281   第四借阅区/ [索取号:G861.13/64] 在馆    
3 0530929   205309290   第四借阅区/ [索取号:G861.13/64] 在馆    
4 0530930   205309307   第四借阅区/ [索取号:G861.13/64] 在馆    
5 0530931   205309316   密集书库-体育系/ [索取号:G861.13/64] 在馆    
唐山师范学院图书馆 欢迎您!
大连网信软件有限公司© 版权所有